GEOGRAPHIC INFORMATION SYSTEM FOR SMART CITIES (Record no. 13161)

000 -LEADER
fixed length control field 00337 a2200133 4500
003 - CONTROL NUMBER IDENTIFIER
control field OSt
005 - DATE AND TIME OF LATEST TRANSACTION
control field 20250214175818.0
008 - FIXED-LENGTH DATA ELEMENTS--GENERAL INFORMATION
fixed length control field 250214b ||||| |||| 00| 0 eng d
020 ## - INTERNATIONAL STANDARD BOOK NUMBER
International Standard Book Number 9788179935378
100 ## - MAIN ENTRY--PERSONAL NAME
Personal name KUMAR, TM VINOD
245 ## - TITLE STATEMENT
Title GEOGRAPHIC INFORMATION SYSTEM FOR SMART CITIES
260 ## - PUBLICATION, DISTRIBUTION, ETC. (IMPRINT)
Name of publisher, distributor, etc NEW DWLHI COPAL
Date of publication, distribution, etc 2014
942 ## - ADDED ENTRY ELEMENTS (KOHA)
Source of classification or shelving scheme
Holdings
Withdrawn status Lost status Source of classification or shelving scheme Damaged status Koha normalized classification for sorting Not for loan Permanent location Current location Date acquired Source of acquisition Cost, normal purchase price Full call number Barcode Date last seen Cost, replacement price Price effective from Koha item type
        711_400000000000000   BMS College of Architecture, Design and Planning BMS College of Architecture, Design and Planning 2025-02-14 1 168.75 711.4 AR-PG763 2025-02-14 225.00 2025-02-14 PG Books
Copyright © 2025, The Librarian, Library and Information Centre, BMSCA D&P, Bengaluru. All Rights Reserved
web counter

Powered by Koha